000 00931nam a22003017a 4500
003 CHAP
005 20220329143721.0
008 110404s1972 mx r 00010 spa d
010 _a100834
011 _a101806
020 _a8471668556
035 _a112494
040 _cCHAP
082 0 4 _a615.32355
_bP87
100 1 _aPowell, Eric F. W.
_991170
245 1 0 _cDiente de león :
_bla maravillosa hierba dorada /por Eric F. W. Powell
260 _aMadrid :
_bEdaf,
_c1972
300 _a95 p. :
_bilus.
534 _pTit. original :
_tAbout dandelions
590 _aBATCH-UPD
_b10
_c20130110
_lUCH01
_h1137
590 _aBATCH-UPD
_b10
_c20130410
_lUCH01
_h0724
590 _aBATCH-UPD
_b10
_c20130914
_lUCH01
_h0743
590 _aCONVERSION
_b10
_c20130109
_lUCH01
_h1356
650 0 4 _aBotánica médica.
_914680
901 _aBK
942 _cLIBRO
949 _a615.32355 P87
_bBC
_cLIBRO
_d33724002236074
_eLIBRO
_h114578
_i112494
_sb
999 _c100834
_d100834